[Event "Esbjerg Efterår 2019"]
[Site "?"]
[Date "2019.10.18"]
[Round "3.1"]
[White "Hansen, Lars"]
[Black "Kristiansen, Jens"]
[Result "1/2-1/2"]
[BlackElo "2411"]
[WhiteElo "2214"]
[LiveChessVersion "1.4.8"]

1. e4 {[%clk 0:19:59]} c5 {[%clk 0:20:08]} 2. Nc3 {[%clk 0:19:57]} Nc6
{[%clk 0:20:11]} 3. f4 {[%clk 0:19:50]} g6 {[%clk 0:20:08]} 4. Nf3
{[%clk 0:19:53]} Bg7 {[%clk 0:20:12]} 5. Bb5 {[%clk 0:19:52]} Nd4
{[%clk 0:20:11]} 6. O-O {[%clk 0:19:51]} e6 {[%clk 0:19:55]} 7. e5
{[%clk 0:19:29]} a6 {[%clk 0:19:34]} 8. Bd3 {[%clk 0:19:31]} d5 {[%clk 0:18:59]}
9. Nxd4 {[%clk 0:18:50]} cxd4 {[%clk 0:19:02]} 10. Ne2 {[%clk 0:18:53]} Ne7
{[%clk 0:18:43]} 11. Qe1 {[%clk 0:18:36]} Nc6 {[%clk 0:18:31]} 12. b3
{[%clk 0:17:57]} f6 {[%clk 0:16:01]} 13. Bb2 {[%clk 0:15:11]} Qb6
{[%clk 0:14:49]} 14. exf6 {[%clk 0:10:11]} Bxf6 {[%clk 0:14:52]} 15. f5
{[%clk 0:08:17]} gxf5 {[%clk 0:13:43]} 16. Nf4 {[%clk 0:08:01]} Kf7
{[%clk 0:11:58]} 17. Qe2 {[%clk 0:04:08]} h5 {[%clk 0:07:42]} 18. Rae1
{[%clk 0:03:19]} Ne5 {[%clk 0:07:10]} 19. Nxh5 {[%clk 0:02:08]} Rxh5
{[%clk 0:06:09]} 20. Qxh5+ {[%clk 0:02:10]} Kg7 {[%clk 0:06:12]} 21. Qe8
{[%clk 0:01:23]} Nxd3 {[%clk 0:02:55]} 22. cxd3 {[%clk 0:01:25]} Qb5
{[%clk 0:02:47]} 23. Rxe6 {[%clk 0:00:48]} Bxe6 {[%clk 0:02:41]} 24. Qxa8
{[%clk 0:00:46]} Qxd3 {[%clk 0:02:44]} 25. Qxb7+ {[%clk 0:00:46]} Kg6
{[%clk 0:02:43]} 26. Qb8 {[%clk 0:00:36]} Qxd2 {[%clk 0:02:40]} 27. Qg3+
{[%clk 0:00:34]} Kf7 {[%clk 0:02:41]} 28. Bc1 {[%clk 0:00:23]} Qxa2
{[%clk 0:02:39]} 29. Qc7+ {[%clk 0:00:23]} Kg6 {[%clk 0:02:30]} 30. Qg3+
{[%clk 0:00:24]} Kf7 {[%clk 0:02:33]} 31. Qc7+ {[%clk 0:00:27]} Kg6
{[%clk 0:02:35]} 32. Qg3+ {[%clk 0:00:23]} 1/2-1/2

[Event "Esbjerg Efterår 2019"]
[Site "?"]
[Date "2019.10.18"]
[Round "3.2"]
[White "Pedersen, Nicolai Vesterbæk"]
[Black "Berg, Klaus"]
[Result "1-0"]
[BlackElo "2256"]
[WhiteElo "2403"]
[LiveChessVersion "1.4.8"]

1. d4 {[%clk 0:19:55]} d5 {[%clk 0:19:58]} 2. c4 {[%clk 0:19:51]} c6
{[%clk 0:20:00]} 3. Nf3 {[%clk 0:19:40]} Nf6 {[%clk 0:20:03]} 4. e3
{[%clk 0:19:38]} Bf5 {[%clk 0:19:01]} 5. Nc3 {[%clk 0:19:26]} e6 {[%clk 0:19:05]}
6. Nh4 {[%clk 0:19:30]} Bg6 {[%clk 0:18:52]} 7. Qb3 {[%clk 0:19:24]} Qb6
{[%clk 0:18:36]} 8. Nxg6 {[%clk 0:19:12]} hxg6 {[%clk 0:18:39]} 9. Bd2
{[%clk 0:19:11]} Nbd7 {[%clk 0:18:29]} 10. Be2 {[%clk 0:18:21]} Qxb3
{[%clk 0:17:15]} 11. axb3 {[%clk 0:18:22]} Bb4 {[%clk 0:17:19]} 12. f3
{[%clk 0:16:39]} O-O {[%clk 0:16:47]} 13. Kf2 {[%clk 0:15:57]} Rfe8
{[%clk 0:16:40]} 14. Ra4 {[%clk 0:15:44]} Bd6 {[%clk 0:14:29]} 15. f4
{[%clk 0:09:15]} a6 {[%clk 0:13:28]} 16. c5 {[%clk 0:06:39]} Bc7 {[%clk 0:13:04]}
17. g4 {[%clk 0:06:14]} Nh7 {[%clk 0:10:42]} 18. h4 {[%clk 0:05:20]} f6
{[%clk 0:09:59]} 19. Bf3 {[%clk 0:02:01]} Kf7 {[%clk 0:06:09]} 20. h5
{[%clk 0:01:32]} g5 {[%clk 0:04:31]} 21. f5 {[%clk 0:01:35]} e5 {[%clk 0:03:32]}
22. Nxd5 {[%clk 0:01:02]} cxd5 {[%clk 0:03:34]} 23. Bxd5+ {[%clk 0:01:05]} Ke7
{[%clk 0:03:30]} 24. Bxb7 {[%clk 0:01:00]} Ra7 {[%clk 0:02:30]} 25. Bxa6
{[%clk 0:00:46]} exd4 {[%clk 0:02:05]} 26. exd4 {[%clk 0:00:49]} Kd8
{[%clk 0:02:02]} 27. Bb5 {[%clk 0:00:28]} Rb7 {[%clk 0:01:35]} 28. Bc4
{[%clk 0:00:30]} Rb8 {[%clk 0:01:18]} 29. Re1 {[%clk 0:00:22]} Rxe1
{[%clk 0:01:21]} 30. Bxe1 {[%clk 0:00:26]} Nhf8 {[%clk 0:01:26]} 31. b4
{[%clk 0:00:29]} Bf4 {[%clk 0:01:28]} 32. b5 {[%clk 0:00:30]} Rc8
{[%clk 0:00:48]} 33. Ba5+ {[%clk 0:00:30]} Ke8 {[%clk 0:00:51]} 34. c6
{[%clk 0:00:28]} Nb8 {[%clk 0:00:51]} 35. d5 {[%clk 0:00:29]} Bd6
{[%clk 0:00:53]} 36. b6 {[%clk 0:00:31]} Kd8 {[%clk 0:00:50]} 37. c7+
{[%clk 0:00:27]} Ke7 {[%clk 0:00:46]} 38. cxb8=Q {[%clk 0:00:27]} Bxb8
{[%clk 0:00:49]} 39. Bb4+ {[%clk 0:00:26]} Ke8 {[%clk 0:00:25]} 40. Bb5+
{[%clk 0:00:26]} Kf7 {[%clk 0:00:30]} 41. Bc6 {[%clk 0:00:25]} Nd7
{[%clk 0:00:33]} 42. Bxd7 {[%clk 0:00:00]} 1-0

[Event "Esbjerg Efterår 2019"]
[Site "?"]
[Date "2019.10.18"]
[Round "3.3"]
[White "Boe, Mads"]
[Black "Larsen, Allan Oksenbøl"]
[Result "1-0"]
[BlackElo "1894"]
[WhiteElo "2284"]
[LiveChessVersion "1.4.8"]

1. d4 {[%clk 0:20:07]} d5 {[%clk 0:20:01]} 2. Nf3 {[%clk 0:20:10]} Nf6
{[%clk 0:20:02]} 3. Bg5 {[%clk 0:20:12]} c5 {[%clk 0:16:09]} 4. Bxf6
{[%clk 0:19:35]} gxf6 {[%clk 0:16:12]} 5. c3 {[%clk 0:18:55]} Nc6
{[%clk 0:16:07]} 6. e3 {[%clk 0:18:57]} e5 {[%clk 0:15:54]} 7. Be2
{[%clk 0:18:36]} e4 {[%clk 0:15:29]} 8. Nfd2 {[%clk 0:18:34]} Rg8
{[%clk 0:13:55]} 9. g3 {[%clk 0:18:36]} f5 {[%clk 0:13:17]} 10. dxc5
{[%clk 0:18:33]} Ne5 {[%clk 0:13:02]} 11. Nb3 {[%clk 0:18:25]} a6
{[%clk 0:09:56]} 12. Na3 {[%clk 0:16:52]} Be6 {[%clk 0:08:20]} 13. Nc2
{[%clk 0:16:53]} Qc7 {[%clk 0:07:48]} 14. Ncd4 {[%clk 0:16:40]} Bxc5
{[%clk 0:07:15]} 15. Nxc5 {[%clk 0:16:42]} Qxc5 {[%clk 0:07:18]} 16. Qb3
{[%clk 0:16:06]} O-O-O {[%clk 0:06:44]} 17. O-O-O {[%clk 0:15:48]} Rg6
{[%clk 0:06:35]} 18. Rd2 {[%clk 0:15:40]} Nc6 {[%clk 0:04:32]} 19. Rhd1
{[%clk 0:13:47]} Ne5 {[%clk 0:04:23]} 20. Kb1 {[%clk 0:13:31]} Kb8
{[%clk 0:03:39]} 21. Bxa6 {[%clk 0:12:46]} Bc8 {[%clk 0:03:43]} 22. Be2
{[%clk 0:12:30]} Rb6 {[%clk 0:03:47]} 23. Qc2 {[%clk 0:12:33]} Rdd6
{[%clk 0:02:59]} 24. Nb3 {[%clk 0:12:14]} Qc7 {[%clk 0:02:07]} 25. Rxd5
{[%clk 0:09:45]} Rxd5 {[%clk 0:02:11]} 26. Rxd5 {[%clk 0:09:47]} Be6
{[%clk 0:02:15]} 27. Rd4 {[%clk 0:09:49]} Nc6 {[%clk 0:01:37]} 28. Rd1
{[%clk 0:09:27]} Qe5 {[%clk 0:01:23]} 29. Qd2 {[%clk 0:08:13]} Kc7
{[%clk 0:00:31]} 30. h4 {[%clk 0:06:39]} h6 {[%clk 0:00:33]} 31. h5
{[%clk 0:05:34]} Bxb3 {[%clk 0:00:13]} 32. axb3 {[%clk 0:05:37]} Rxb3
{[%clk 0:00:16]} 33. Qd7+ {[%clk 0:05:37]} Kb8 {[%clk 0:00:20]} 34. Qd6+
{[%clk 0:05:37]} Qxd6 {[%clk 0:00:08]} 35. Rxd6 {[%clk 0:05:40]} Ne5
{[%clk 0:00:06]} 36. Rxh6 {[%clk 0:05:31]} Kc7 {[%clk 0:00:07]} 37. Kc2
{[%clk 0:03:52]} Rb6 {[%clk 0:00:09]} 38. Rxb6 {[%clk 0:03:50]} Kxb6
{[%clk 0:00:13]} 39. Bf1 {[%clk 0:03:37]} f6 {[%clk 0:00:00]} 40. Bh3
{[%clk 0:03:37]} 1-0

[Event "Esbjerg Efterår 2019"]
[Site "?"]
[Date "2019.10.18"]
[Round "3.4"]
[White "Carlstedt, Jonathan"]
[Black "Nielsen, Jens Ove Fries"]
[Result "1-0"]
[BlackElo "2368"]
[WhiteElo "2442"]
[LiveChessVersion "1.4.8"]

1. d4 {[%clk 0:20:07]} d5 {[%clk 0:20:00]} 2. Nf3 {[%clk 0:20:06]} Nf6
{[%clk 0:19:50]} 3. Nbd2 {[%clk 0:20:09]} c6 {[%clk 0:19:46]} 4. b3
{[%clk 0:20:10]} Bf5 {[%clk 0:19:49]} 5. Bb2 {[%clk 0:20:07]} e6 {[%clk 0:19:53]}
6. e3 {[%clk 0:19:52]} Nbd7 {[%clk 0:19:50]} 7. Be2 {[%clk 0:19:34]} Bd6
{[%clk 0:19:54]} 8. O-O {[%clk 0:18:08]} h6 {[%clk 0:19:05]} 9. Ne5
{[%clk 0:17:26]} Qe7 {[%clk 0:18:58]} 10. a4 {[%clk 0:16:58]} Ne4
{[%clk 0:16:24]} 11. f4 {[%clk 0:14:48]} Nxd2 {[%clk 0:15:15]} 12. Qxd2
{[%clk 0:14:49]} Nf6 {[%clk 0:15:19]} 13. a5 {[%clk 0:13:53]} a6 {[%clk 0:15:23]}
14. Qc1 {[%clk 0:13:54]} Ne4 {[%clk 0:15:24]} 15. Bh5 {[%clk 0:12:52]} O-O
{[%clk 0:15:01]} 16. c4 {[%clk 0:11:44]} Rac8 {[%clk 0:14:58]} 17. c5
{[%clk 0:10:33]} Bb8 {[%clk 0:14:50]} 18. Bc3 {[%clk 0:10:19]} f6
{[%clk 0:13:30]} 19. Ng6 {[%clk 0:09:03]} Bxg6 {[%clk 0:13:03]} 20. Bxg6
{[%clk 0:09:07]} Nxc3 {[%clk 0:12:58]} 21. Qxc3 {[%clk 0:09:10]} e5
{[%clk 0:12:37]} 22. Rae1 {[%clk 0:08:55]} Qd7 {[%clk 0:11:13]} 23. h3
{[%clk 0:07:10]} exf4 {[%clk 0:09:54]} 24. exf4 {[%clk 0:07:13]} f5
{[%clk 0:09:58]} 25. h4 {[%clk 0:05:58]} Bc7 {[%clk 0:08:44]} 26. g3
{[%clk 0:04:39]} Rf6 {[%clk 0:07:46]} 27. h5 {[%clk 0:04:38]} Rcf8
{[%clk 0:07:48]} 28. b4 {[%clk 0:04:22]} Re6 {[%clk 0:05:07]} 29. Rxe6
{[%clk 0:04:18]} Qxe6 {[%clk 0:05:11]} 30. Re1 {[%clk 0:04:22]} Qf6
{[%clk 0:03:59]} 31. Kg2 {[%clk 0:03:03]} Bd8 {[%clk 0:04:01]} 32. Qe3
{[%clk 0:02:07]} Bc7 {[%clk 0:03:04]} 33. Qe7 {[%clk 0:02:01]} Bd8
{[%clk 0:02:20]} 34. Qe3 {[%clk 0:01:08]} Kh8 {[%clk 0:01:41]} 35. Kh3
{[%clk 0:01:11]} Kg8 {[%clk 0:01:45]} 36. Re2 {[%clk 0:01:14]} Kh8
{[%clk 0:01:47]} 37. Kg2 {[%clk 0:00:37]} Kg8 {[%clk 0:01:51]} 38. Kf1
{[%clk 0:00:41]} Kh8 {[%clk 0:01:55]} 39. Ke1 {[%clk 0:00:45]} Kg8
{[%clk 0:01:59]} 40. Kd2 {[%clk 0:00:49]} Kh8 {[%clk 0:02:04]} 41. Kd3
{[%clk 0:00:53]} Kg8 {[%clk 0:02:09]} 42. Re1 {[%clk 0:00:51]} Kh8
{[%clk 0:02:13]} 43. Qe8 {[%clk 0:00:52]} Kg8 {[%clk 0:02:14]} 44. Qd7 1-0

[Event "Esbjerg Efterår 2019"]
[Site "?"]
[Date "2019.10.18"]
[Round "3.5"]
[White "Sørensen, Per Smidt"]
[Black "Rozenfeld, Michael Tranberg"]
[Result "1/2-1/2"]
[BlackElo "1882"]
[WhiteElo "2035"]
[LiveChessVersion "1.4.8"]

1. Nf3 {[%clk 0:20:08]} Nf6 {[%clk 0:19:39]} 2. c4 {[%clk 0:20:09]} g6
{[%clk 0:19:28]} 3. g3 {[%clk 0:20:12]} Bg7 {[%clk 0:18:49]} 4. Bg2
{[%clk 0:20:14]} O-O {[%clk 0:18:51]} 5. O-O {[%clk 0:20:16]} d6 {[%clk 0:18:15]}
6. Nc3 {[%clk 0:19:49]} e5 {[%clk 0:18:11]} 7. d4 {[%clk 0:19:31]} Nc6
{[%clk 0:16:31]} 8. dxe5 {[%clk 0:18:03]} dxe5 {[%clk 0:16:25]} 9. Qxd8
{[%clk 0:17:46]} Rxd8 {[%clk 0:16:24]} 10. Bg5 {[%clk 0:17:48]} Re8
{[%clk 0:13:44]} 11. Rad1 {[%clk 0:16:00]} a6 {[%clk 0:13:19]} 12. h3
{[%clk 0:08:53]} 1/2-1/2

[Event "Esbjerg Efterår 2019"]
[Site "?"]
[Date "2019.10.18"]
[Round "3.6"]
[White "Horslund, Mikael"]
[Black "Rossen, Claus"]
[Result "1/2-1/2"]
[BlackElo "2146"]
[WhiteElo "1731"]
[LiveChessVersion "1.4.8"]

1. e4 {[%clk 0:20:07]} c5 {[%clk 0:20:09]} 2. Nf3 {[%clk 0:20:10]} Nc6
{[%clk 0:20:05]} 3. c3 {[%clk 0:20:11]} d5 {[%clk 0:19:24]} 4. d3
{[%clk 0:20:06]} dxe4 {[%clk 0:18:42]} 5. dxe4 {[%clk 0:20:09]} Qxd1+
{[%clk 0:18:45]} 6. Kxd1 {[%clk 0:20:12]} Bg4 {[%clk 0:18:47]} 7. Be2
{[%clk 0:18:34]} Nf6 {[%clk 0:18:24]} 8. Nbd2 {[%clk 0:17:57]} e6
{[%clk 0:15:47]} 9. Re1 {[%clk 0:17:27]} Be7 {[%clk 0:15:51]} 10. Bb5
{[%clk 0:16:15]} Rc8 {[%clk 0:15:01]} 11. h3 {[%clk 0:15:44]} Bxf3+
{[%clk 0:14:59]} 12. Nxf3 {[%clk 0:15:28]} a6 {[%clk 0:14:53]} 13. Bxc6+
{[%clk 0:14:29]} Rxc6 {[%clk 0:14:57]} 14. Kc2 {[%clk 0:14:33]} O-O
{[%clk 0:14:48]} 15. Bg5 {[%clk 0:14:10]} h6 {[%clk 0:14:45]} 16. Bf4
{[%clk 0:13:37]} c4 {[%clk 0:12:45]} 17. Rad1 {[%clk 0:12:02]} Rd8
{[%clk 0:12:02]} 18. Rxd8+ {[%clk 0:11:50]} Bxd8 {[%clk 0:12:06]} 19. Rd1
{[%clk 0:11:12]} Rc8 {[%clk 0:11:10]} 20. Nd2 {[%clk 0:10:50]} Bb6
{[%clk 0:10:58]} 21. f3 {[%clk 0:10:09]} g5 {[%clk 0:09:51]} 22. Be5
{[%clk 0:09:16]} Nd7 {[%clk 0:09:55]} 23. Nxc4 {[%clk 0:08:22]} Nxe5
{[%clk 0:08:50]} 24. Nxe5 {[%clk 0:08:25]} Bc7 {[%clk 0:08:35]} 25. Nd3
{[%clk 0:07:22]} 1/2-1/2

[Event "Esbjerg Efterår 2019"]
[Site "?"]
[Date "2019.10.18"]
[Round "3.7"]
[White "Brorson, Jacob Abildlund"]
[Black "Husum, Lars"]
[Result "1-0"]
[BlackElo "1847"]
[WhiteElo "2132"]
[LiveChessVersion "1.4.8"]

1. Nf3 {[%clk 0:20:07]} Nf6 {[%clk 0:20:06]} 2. g3 {[%clk 0:20:10]} e6
{[%clk 0:20:02]} 3. Bg2 {[%clk 0:20:13]} Be7 {[%clk 0:20:00]} 4. O-O
{[%clk 0:20:13]} O-O {[%clk 0:20:03]} 5. b3 {[%clk 0:20:07]} c5 {[%clk 0:19:29]}
6. Bb2 {[%clk 0:19:58]} d5 {[%clk 0:19:05]} 7. d4 {[%clk 0:19:51]} Nbd7
{[%clk 0:18:24]} 8. c4 {[%clk 0:19:39]} dxc4 {[%clk 0:17:36]} 9. bxc4
{[%clk 0:19:39]} Qb6 {[%clk 0:17:33]} 10. Ba3 {[%clk 0:18:36]} Re8
{[%clk 0:17:13]} 11. Nc3 {[%clk 0:17:24]} cxd4 {[%clk 0:15:20]} 12. Na4
{[%clk 0:17:26]} Qc7 {[%clk 0:13:42]} 13. Bxe7 {[%clk 0:17:14]} Rxe7
{[%clk 0:13:45]} 14. Qxd4 {[%clk 0:17:08]} b6 {[%clk 0:12:58]} 15. Nc3
{[%clk 0:15:53]} Bb7 {[%clk 0:10:50]} 16. Nb5 {[%clk 0:15:53]} Qc6
{[%clk 0:10:10]} 17. Nh4 {[%clk 0:15:01]} Ne4 {[%clk 0:08:42]} 18. Rfd1
{[%clk 0:11:05]} Ndc5 {[%clk 0:06:41]} 19. Qe5 {[%clk 0:08:45]} f6
{[%clk 0:05:17]} 20. Qb2 {[%clk 0:07:50]} a6 {[%clk 0:04:43]} 21. Nd4
{[%clk 0:07:48]} Qc7 {[%clk 0:04:25]} 22. Rac1 {[%clk 0:07:32]} Rd8
{[%clk 0:03:56]} 23. Qb4 {[%clk 0:06:38]} Red7 {[%clk 0:03:37]} 24. Qb1
{[%clk 0:06:31]} e5 {[%clk 0:03:09]} 25. Ndf5 {[%clk 0:05:09]} Rxd1+
{[%clk 0:01:59]} 26. Rxd1 {[%clk 0:05:13]} Rxd1+ {[%clk 0:01:17]} 27. Qxd1
{[%clk 0:05:17]} Nc3 {[%clk 0:01:10]} 28. Qd2 {[%clk 0:04:59]} Bxg2
{[%clk 0:01:08]} 29. Nxg2 {[%clk 0:04:47]} N3e4 {[%clk 0:01:00]} 30. Qd5+
{[%clk 0:04:50]} Kf8 {[%clk 0:00:47]} 31. Qa8+ {[%clk 0:04:30]} Kf7
{[%clk 0:00:44]} 32. Qd5+ {[%clk 0:04:20]} Kf8 {[%clk 0:00:46]} 33. Nge3
{[%clk 0:03:59]} Nc3 {[%clk 0:00:38]} 34. Qa8+ {[%clk 0:04:01]} Kf7
{[%clk 0:00:38]} 35. Nd5 {[%clk 0:03:09]} Nxe2+ {[%clk 0:00:23]} 36. Kf1
{[%clk 0:03:03]} Qd7 {[%clk 0:00:27]} 37. g4 {[%clk 0:02:48]} Nf4
{[%clk 0:00:26]} 38. Qh8 {[%clk 0:01:59]} Nce6 {[%clk 0:00:09]} 39. Qxh7
{[%clk 0:00:54]} Qa4 {[%clk 0:00:00]} 40. Nh6+ Qd7 41. Nf5 Nxd5 42. Qh5+ Kg8 43.
cxd5 Nf4 1-0

[Event "Esbjerg Efterår 2019"]
[Site "?"]
[Date "2019.10.18"]
[Round "3.8"]
[White "Ehrenreich, Simon"]
[Black "Lindestrøm, Torsten"]
[Result "0-1"]
[BlackElo "2097"]
[WhiteElo "1848"]
[LiveChessVersion "1.4.8"]

1. d4 {[%clk 0:20:08]} f5 {[%clk 0:20:09]} 2. c4 {[%clk 0:20:11]} Nf6
{[%clk 0:20:12]} 3. Nf3 {[%clk 0:20:14]} g6 {[%clk 0:20:16]} 4. Nc3
{[%clk 0:20:13]} Bg7 {[%clk 0:20:20]} 5. g3 {[%clk 0:20:06]} O-O {[%clk 0:20:22]}
6. Bg2 {[%clk 0:20:10]} d6 {[%clk 0:20:25]} 7. O-O {[%clk 0:20:11]} Qe8
{[%clk 0:20:28]} 8. d5 {[%clk 0:20:06]} Na6 {[%clk 0:20:31]} 9. Qc2
{[%clk 0:19:34]} Bd7 {[%clk 0:16:02]} 10. Nd4 {[%clk 0:18:07]} c6
{[%clk 0:16:04]} 11. e4 {[%clk 0:17:17]} Nxd5 {[%clk 0:14:03]} 12. cxd5
{[%clk 0:13:22]} Bxd4 {[%clk 0:14:01]} 13. dxc6 {[%clk 0:13:15]} Bxc6
{[%clk 0:13:05]} 14. exf5 {[%clk 0:11:47]} Bxg2 {[%clk 0:12:42]} 15. Kxg2
{[%clk 0:11:27]} Qc6+ {[%clk 0:12:46]} 16. Kg1 {[%clk 0:11:08]} Rxf5
{[%clk 0:12:41]} 17. Qb3+ {[%clk 0:10:38]} Kh8 {[%clk 0:11:43]} 18. Ne2
{[%clk 0:09:54]} Bf6 {[%clk 0:10:27]} 19. Be3 {[%clk 0:09:22]} Qb5
{[%clk 0:08:39]} 20. Nd4 {[%clk 0:07:58]} Qxb3 {[%clk 0:08:25]} 21. axb3
{[%clk 0:07:57]} Rc5 {[%clk 0:07:26]} 22. Rac1 {[%clk 0:05:59]} Rac8
{[%clk 0:07:16]} 23. Rxc5 {[%clk 0:05:27]} Rxc5 {[%clk 0:06:26]} 24. Ne6
{[%clk 0:05:17]} Rc2 {[%clk 0:05:23]} 25. Bxa7 {[%clk 0:05:00]} Nc5
{[%clk 0:05:01]} 26. Bxc5 {[%clk 0:04:47]} dxc5 {[%clk 0:05:05]} 27. Rd1
{[%clk 0:04:49]} Kg8 {[%clk 0:04:42]} 28. Rd7 {[%clk 0:02:56]} Rxb2
{[%clk 0:03:19]} 29. Nxc5 {[%clk 0:01:15]} b6 {[%clk 0:03:08]} 30. Ne4
{[%clk 0:01:06]} Rxb3 {[%clk 0:02:46]} 31. Nxf6+ {[%clk 0:01:10]} exf6
{[%clk 0:02:50]} 32. Kf1 {[%clk 0:00:53]} Rb2 {[%clk 0:02:52]} 33. h4
{[%clk 0:00:17]} h5 {[%clk 0:02:19]} 34. Kg2 {[%clk 0:00:14]} b5 {[%clk 0:02:22]}
35. Rb7 {[%clk 0:00:18]} b4 {[%clk 0:02:26]} 0-1

[Event "Esbjerg Efterår 2019"]
[Site "?"]
[Date "2019.10.18"]
[Round "3.9"]
[White "Easwaralingam, Adesh"]
[Black "Heinemann, Guido"]
[Result "1-0"]
[BlackElo "1811"]
[WhiteElo "2082"]
[LiveChessVersion "1.4.8"]

1. e4 {[%clk 0:20:08]} e5 {[%clk 0:20:04]} 2. Nf3 {[%clk 0:20:11]} Nc6
{[%clk 0:20:08]} 3. Bc4 {[%clk 0:19:56]} Nf6 {[%clk 0:20:11]} 4. d3
{[%clk 0:19:45]} Bc5 {[%clk 0:20:03]} 5. O-O {[%clk 0:19:42]} O-O
{[%clk 0:19:58]} 6. c3 {[%clk 0:19:45]} Re8 {[%clk 0:19:30]} 7. a4
{[%clk 0:19:30]} h6 {[%clk 0:18:59]} 8. b4 {[%clk 0:19:22]} Bf8 {[%clk 0:18:52]}
9. Qb3 {[%clk 0:18:54]} Qe7 {[%clk 0:18:34]} 10. Nh4 {[%clk 0:17:38]} d6
{[%clk 0:18:27]} 11. Ng6 {[%clk 0:16:38]} Qd7 {[%clk 0:18:12]} 12. a5
{[%clk 0:16:33]} Nd8 {[%clk 0:17:49]} 13. f4 {[%clk 0:15:58]} Ne6
{[%clk 0:17:36]} 14. fxe5 {[%clk 0:15:44]} dxe5 {[%clk 0:16:31]} 15. Nxe5
{[%clk 0:15:42]} Qd6 {[%clk 0:16:22]} 16. Nf3 {[%clk 0:14:41]} b6
{[%clk 0:15:49]} 17. e5 {[%clk 0:14:34]} Qc6 {[%clk 0:15:18]} 18. exf6
{[%clk 0:14:17]} bxa5 {[%clk 0:15:21]} 19. bxa5 {[%clk 0:13:30]} Ba6
{[%clk 0:14:47]} 20. Bd5 {[%clk 0:13:28]} Qc5+ {[%clk 0:14:06]} 21. d4
{[%clk 0:13:30]} Qb5 {[%clk 0:14:01]} 22. Qxb5 {[%clk 0:13:27]} Bxb5
{[%clk 0:14:05]} 23. c4 {[%clk 0:13:28]} c6 {[%clk 0:14:03]} 24. Bxe6
{[%clk 0:13:31]} Ba6 {[%clk 0:13:36]} 25. Bxf7+ {[%clk 0:13:34]} Kxf7
{[%clk 0:13:39]} 26. Ne5+ {[%clk 0:13:37]} Ke6 {[%clk 0:13:36]} 27. f7
{[%clk 0:13:17]} Re7 {[%clk 0:13:18]} 28. Nxc6 {[%clk 0:13:16]} Rd7
{[%clk 0:13:14]} 29. d5+ {[%clk 0:13:12]} Kd6 {[%clk 0:13:12]} 30. Bf4+
{[%clk 0:13:05]} Kc5 {[%clk 0:13:16]} 31. Nb8 {[%clk 0:12:34]} Rxb8
{[%clk 0:13:00]} 32. Bxb8 {[%clk 0:12:35]} Bxc4 {[%clk 0:13:04]} 33. Rc1
{[%clk 0:12:08]} Kb4 {[%clk 0:12:47]} 34. Nc3 {[%clk 0:11:16]} Bc5+
{[%clk 0:12:30]} 35. Kh1 {[%clk 0:11:15]} Bb3 {[%clk 0:11:51]} 36. Ne4
{[%clk 0:10:47]} Bf8 {[%clk 0:11:42]} 37. Bd6+ {[%clk 0:10:38]} Bxd6
{[%clk 0:11:37]} 38. Nxd6 {[%clk 0:10:40]} 1-0

[Event "Esbjerg Efterår 2019"]
[Site "?"]
[Date "2019.10.18"]
[Round "3.10"]
[White "Rasmussen, Bjarne Meldgaard"]
[Black "Pedersen, Lars Wilton"]
[Result "0-1"]
[BlackElo "2065"]
[WhiteElo "1823"]
[LiveChessVersion "1.4.8"]

1. e4 {[%clk 0:20:09]} d5 {[%clk 0:20:08]} 2. exd5 {[%clk 0:20:12]} Nf6
{[%clk 0:20:12]} 3. d4 {[%clk 0:20:02]} Nxd5 {[%clk 0:20:14]} 4. c4
{[%clk 0:20:00]} Nb6 {[%clk 0:20:17]} 5. Nc3 {[%clk 0:20:00]} e5 {[%clk 0:19:59]}
6. d5 {[%clk 0:19:17]} Bb4 {[%clk 0:19:29]} 7. Bd2 {[%clk 0:19:03]} c6
{[%clk 0:17:37]} 8. dxc6 {[%clk 0:18:54]} Nxc6 {[%clk 0:17:39]} 9. a3
{[%clk 0:18:55]} Be7 {[%clk 0:17:06]} 10. Be3 {[%clk 0:17:50]} Be6
{[%clk 0:16:00]} 11. c5 {[%clk 0:16:48]} Nc4 {[%clk 0:14:33]} 12. Bxc4
{[%clk 0:16:19]} Bxc4 {[%clk 0:11:51]} 13. Qxd8+ {[%clk 0:14:50]} Rxd8
{[%clk 0:11:49]} 14. Nge2 {[%clk 0:14:45]} f5 15. b4 {[%clk 0:13:46]} Nd4
{[%clk 0:10:18]} 16. Bxd4 {[%clk 0:11:20]} exd4 {[%clk 0:10:20]} 17. Nd1
{[%clk 0:10:21]} d3 {[%clk 0:09:23]} 18. Ne3 {[%clk 0:10:03]} d2+
{[%clk 0:07:46]} 19. Kd1 {[%clk 0:10:00]} Bb3+ {[%clk 0:07:02]} 20. Nc2
{[%clk 0:09:43]} Bf6 {[%clk 0:06:55]} 21. Rb1 {[%clk 0:09:38]} Ba2
{[%clk 0:06:55]} 22. Ra1 {[%clk 0:09:23]} Bxa1 {[%clk 0:06:47]} 23. Nxa1
{[%clk 0:09:26]} Kf7 {[%clk 0:06:36]} 24. Nc3 {[%clk 0:09:12]} Bc4
{[%clk 0:05:24]} 25. Nc2 {[%clk 0:08:50]} Bb3 {[%clk 0:05:19]} 26. Nb5
{[%clk 0:08:25]} Rhe8 {[%clk 0:04:46]} 27. Nd6+ {[%clk 0:05:32]} Rxd6
{[%clk 0:04:19]} 28. cxd6 {[%clk 0:05:33]} Bxc2+ {[%clk 0:03:13]} 29. Kxd2
{[%clk 0:05:29]} Be4 {[%clk 0:02:59]} 30. f3 {[%clk 0:05:27]} Bc6
{[%clk 0:02:56]} 31. Kc3 {[%clk 0:05:21]} Rd8 {[%clk 0:02:46]} 32. Rd1
{[%clk 0:05:15]} Ke6 {[%clk 0:02:45]} 33. b5 {[%clk 0:05:02]} Bxb5
{[%clk 0:02:35]} 34. Kb4 {[%clk 0:05:04]} Bd7 {[%clk 0:02:21]} 35. Kc5
{[%clk 0:04:51]} Rc8+ {[%clk 0:02:23]} 36. Kb4 {[%clk 0:04:46]} Rc6
{[%clk 0:02:24]} 37. Re1+ Ke5 0-1

[Event "Esbjerg Efterår 2019"]
[Site "?"]
[Date "2019.10.18"]
[Round "3.11"]
[White "Desevac, Damir"]
[Black "Bønnelykke, Ole"]
[Result "1-0"]
[BlackElo "2009"]
[WhiteElo "1799"]
[LiveChessVersion "1.4.8"]

1. Nf3 {[%clk 0:20:07]} c5 {[%clk 0:20:03]} 2. c4 {[%clk 0:20:05]} Nc6
{[%clk 0:20:01]} 3. d4 {[%clk 0:19:46]} cxd4 {[%clk 0:19:58]} 4. Nxd4
{[%clk 0:19:49]} Nf6 {[%clk 0:19:58]} 5. Nc3 {[%clk 0:19:40]} g6 {[%clk 0:19:52]}
6. e4 {[%clk 0:18:38]} d6 {[%clk 0:19:34]} 7. Be2 {[%clk 0:17:46]} Bg7
{[%clk 0:19:31]} 8. Be3 {[%clk 0:17:21]} O-O {[%clk 0:19:19]} 9. O-O
{[%clk 0:16:54]} a6 {[%clk 0:18:37]} 10. Rc1 {[%clk 0:16:29]} Bd7
{[%clk 0:18:26]} 11. h3 {[%clk 0:15:26]} Rc8 {[%clk 0:17:11]} 12. Qd2
{[%clk 0:14:07]} Nxd4 {[%clk 0:15:02]} 13. Bxd4 {[%clk 0:13:53]} Bc6
{[%clk 0:14:21]} 14. Qe3 {[%clk 0:12:05]} Qd7 {[%clk 0:12:39]} 15. f4
{[%clk 0:11:12]} Rfd8 {[%clk 0:11:21]} 16. Rfd1 {[%clk 0:10:50]} Qe6
{[%clk 0:10:17]} 17. Bf3 {[%clk 0:10:16]} Qxc4 {[%clk 0:08:03]} 18. Nd5
{[%clk 0:09:13]} Nxd5 {[%clk 0:08:00]} 19. exd5 {[%clk 0:09:13]} Bxd4
{[%clk 0:07:39]} 20. Rxd4 {[%clk 0:09:13]} Qxa2 {[%clk 0:07:13]} 21. dxc6
{[%clk 0:09:04]} Qxb2 {[%clk 0:06:50]} 22. Rdc4 {[%clk 0:08:31]} bxc6
{[%clk 0:06:16]} 23. Rxc6 {[%clk 0:08:10]} Ra8 {[%clk 0:05:16]} 24. Qxe7
{[%clk 0:07:41]} Qd4+ {[%clk 0:05:08]} 25. Kh1 {[%clk 0:07:11]} Qxf4
{[%clk 0:04:55]} 26. R6c4 {[%clk 0:06:47]} Qd2 {[%clk 0:02:39]} 27. Bxa8
{[%clk 0:05:56]} Rxa8 {[%clk 0:02:38]} 28. Qf6 {[%clk 0:05:05]} Re8
{[%clk 0:01:50]} 29. Rc8 {[%clk 0:04:20]} Qe3 {[%clk 0:01:45]} 30. R1c7
{[%clk 0:03:34]} 1-0